| 000 | 00484ntaaa2200157 4500 | ||
|---|---|---|---|
| 003 | 01 | ||
| 005 | 20251027201512.0 | ||
| 008 | 0714s1973 ag 01 | ||
| 040 |
_aAR-BaBN _bspa _cAR-BaBN _eaacr _dRIC |
||
| 082 | _a227.4000 Ru86 | ||
| 100 |
_aRule, Guillemo Harris _913613 |
||
| 245 | _aEpĆstolas de San Pablo, las de Jacobo, Pedro, Juan, Judas y la Revelación de San Juan. | ||
| 250 |
_a1 ed. : _bImprenta de Guillermo Johnson, _cc1880 |
||
| 650 | _aBiblia-Nuevo Testamento | ||
| 942 | _cBK | ||
| 999 |
_c9631 _d9631 |
||